| 000 | 01806 a2200289 4500 | ||
|---|---|---|---|
| 001 | 5150530 | ||
| 003 | UA-OsUOA | ||
| 005 | 20260317153950.0 | ||
| 008 | 200414b pl o|||| |||| 00| | pol d | ||
| 020 | _a9788323726319 | ||
| 040 |
_aUA-OsUOA _bukr _cUA-OsUOA _dUA-OsUOA |
||
| 041 | _apol | ||
| 080 | _a821.162.1(73) | ||
| 090 |
_a821.162.1(73) _bB24 |
||
| 100 |
_a Barsocchini P. _924504 |
||
| 245 |
_aHigh School Musical 3 _bOstatnia klasa _cPeter Barsocchini |
||
| 250 | _aWydanie I | ||
| 260 |
_bEgmont _c2008 _aWarszawa |
||
| 300 | _a123 s. | ||
| 440 |
_aHigh School Musical _924505 |
||
| 520 | _aKoniec szkoły już blisko. Emocje w ostatnich klasach sięgają zenitu. Pani Darbus ogłosiła, że gościem na premierze szkolnego musicalu będzie obserwator z renomowanej uczelni artystycznej, który w nagrodę przyzna stypendium jednemu z czterech maturzystów, czyli Sharpay, Ryanowi, Klesi albo Troyowi! Atmosfera staje się coraz bardziej gorąca, a Troy zastanawia się, czy rzeczywiście chce zostać nową gwiazdą koszykówki w drużynie Uniwersytetu Albuquerque, czy też może wybiera się tam tylko dlatego, że takie jest życzenie jego ojca. Z kolei Gabriella zostaje zaproszona na kurs przygotowawczy na słynny Uniwersytet Stanforda. Jeśli się zgodzi, będzie musiała zrezygnować z musicalu, a może nawet z balu absolwentów i uroczystości rozdania dyplomów! Jaką podejmie decyzję? Czy Dzikie Koty zdołają po raz ostatni wystąpić razem na scenie? | ||
| 650 |
_2UDC _a821 Художня література окремими мовами і мовними сім'ями _917 |
||
| 700 | 1 |
_aBarsocchini Peter _924506 |
|
| 942 |
_cBK _2udc |
||
| 955 | _a3 | ||
| 999 |
_c458854 _d458854 |
||